Tras el búho de Minerva: mercado contra democracia en el capitalismo de fin de siglo

Guardat en:
Dades bibliogràfiques
Autor principal: Borón, Atilio A
Format: Text
Publicat: Buenos Aires: Fondo de Cultura Económica
Matèries:
Etiquetes: Afegir etiqueta
Sense etiquetes, Sigues el primer a etiquetar aquest registre!

MARC

LEADER 00000 a a2200000 04500
001 19284
003
040
090 |a 145600  
100 |a Borón, Atilio A  
245 |a Tras el búho de Minerva: mercado contra democracia en el capitalismo de fin de siglo  
260 |a Buenos Aires:   |b Fondo de Cultura Económica  
300 |a 247 p.  
300 |b **no definido**  
500 |a Disponble en Cd, en No. 194111  
650 |a SISTEMAS ECONOMICOS  
650 |a COMUNISMO  
650 |a MARXISMO  
650 |a CAPITALISMO  
650 |a DEMOCRACIA  
650 |a MERCADO  
650 |a TEORIA SOCIAL  
999 |c 1615  |d 1615